00746nam a2200241 a 4500001001300000003000900013005001700022008004100039020002300080082001400103100001900117245007700136260003700213300000900250500003500259505001800294650002600312700001900338902000800357942000700365952011500372999001700487nice12345678IN_TiNIC20260116014219.0090325s2008 newa grp 000 0 eng  a8180694895 c80000a170bGUH1 aGuha, Debashis aPractical and Professional Ethicsb Economic and Business Ethics (vol V) aNew DelhibConcept Pub Co c2008 a346p aincludes index and biblioraphy2 abiblio, index aEthics And Profession1 aGuha, Debashis bSRS cBK 001040708StackRoom-aHMIbHMId2009-03-25g800.00l0o170 GUH1p022721r2009-03-25v800.00w2009-03-25yBK c14360d14360